| 000 | 00731nam a2200229 a 4500 | ||
|---|---|---|---|
| 001 | 30571 | ||
| 003 | BD-RjUL | ||
| 005 | 20211209051601.0 | ||
| 008 | 140410s1962 inu b 001 0 eng d | ||
| 035 |
_a62-16162 _a(BD-RjUL) 30657 |
||
| 040 |
_aDLC _cDLC _dBD-RjUL _beng |
||
| 041 | _aeng | ||
| 082 |
_a364.142 _bSCN 1962 _223 |
||
| 100 | 1 |
_aSchur, Edwin M. _q(Edwin Michael) _992885 |
|
| 245 | 1 | 0 |
_aNarcotic addiction in Britain and America : _bthe impact of public policy / |
| 260 |
_aLondon : _bTavistock Publications, _c1962. |
||
| 300 |
_a281 p. ; _c22 cm |
||
| 504 | _aIncludes bibliography and index. | ||
| 650 | 0 |
_aDrug addiction _zGreat Britain _992886 |
|
| 650 | 0 |
_aDrug addiction _zUnited States _992887 |
|
| 942 |
_2ddc _cBK |
||
| 999 |
_c30571 _d30571 |
||